| 000 | 00475 a2200145 4500 | ||
|---|---|---|---|
| 999 |
_c4877 _d4877 |
||
| 020 | _a978023028445690101 | ||
| 050 | _aHD72HUM2010 | ||
| 100 | _aUnited Nations Development Programme | ||
| 245 |
_aHuman development report 2010 _bthe real wealth of nations: pathways to human development / _cUnited Nations Development Programme |
||
| 264 |
_aNew York _bUNDP _c2010 |
||
| 300 | _a227p. | ||
| 500 | _aIncludes index | ||
| 650 | _aHuman Development | ||
| 942 |
_2lcc _cBK _h72 _iHUM _kHD |
||